Veterinární patologie. patologie oběhového, krvetvorného, dýchacího a trávicího ústrojí / II., Systémová patologie :

Hlavní autor: Halouzka, Roman, 1945-
Další autoři: Krinke, Jiří, Jelínek, František
Jazyk: Čeština
Vydáno: Brno : Tribun EU, 2014
Vydání: V Tribunu EU vyd. 1.
Edice: Knihovnicka.cz
Témata:
Fyzický popis: 231 s. ; 30 cm
Knihy
Uloženo v:
LEADER 01841nam a2200469 a 4500
001 nkc20152690973
003 CZ PrNK
005 20150522073445.0
007 ta
008 150402s2014 xr e p 000 0 cze
015 |a cnb002690973 
020 |a 978-80-263-0806-5  |q (brož.) 
035 |a (OCoLC)910988457 
040 |a BOA001  |b cze 
072 7 |a 636.09  |x Veterinární lékařství  |2 Konspekt  |9 24 
072 7 |a 37.016  |x Učební osnovy. Vyučovací předměty. Učebnice  |2 Konspekt  |9 22 
080 |a 636.09:616  |2 MRF 
080 |a 611.1/.8  |2 MRF 
080 |a (075.8)  |2 MRF 
100 1 |a Halouzka, Roman,  |d 1945-  |7 xx0019517  |4 aut 
245 1 0 |a Veterinární patologie.  |n II.,  |p Systémová patologie :  |b patologie oběhového, krvetvorného, dýchacího a trávicího ústrojí /  |c R. Halouzka, J. Krinke, F. Jelínek 
246 3 0 |a Systémová patologie 
246 3 0 |a Patologie oběhového, krvetvorného, dýchacího a trávicího ústrojí 
250 |a V Tribunu EU vyd. 1. 
260 |a Brno :  |b Tribun EU,  |c 2014 
300 |a 231 s. ;  |c 30 cm 
490 1 |a Knihovnicka.cz 
650 0 7 |a veterinární patologie  |7 ph127058  |2 czenas 
650 0 7 |a orgánové soustavy  |7 ph501670  |2 czenas 
650 0 9 |a veterinary pathology  |2 eczenas 
650 0 9 |a organ systems  |2 eczenas 
655 7 |a učebnice vysokých škol  |7 fd133772  |2 czenas 
655 9 |a textbooks (higher)  |2 eczenas 
700 1 |a Krinke, Jiří  |7 mzk2004252130  |4 aut 
700 1 |a Jelínek, František  |7 jx20040615031  |4 aut 
830 0 |a Knihovnicka.cz  |0 s 
910 2 |a BOA001  |b 4-1296.800,2 
990 |a BK 
995 |a 01 
991 |b 201504  |c NOV  |e n 
996 6 |b 2610629320  |c 4-1296.800,2  |l MZK  |r Sklad / do 1 hodiny  |n 1  |p p.v.  |w 001380808  |u 000030  |a 1  |e BOA001  |j MZK50  |s P 
996 7 |b 2610629321  |c 4-1296.800,2  |l MZK  |r Sklad / do 1 hodiny  |n 9  |p p.v.  |w 001380808  |u 000040  |a 1  |e BOA001  |j MZK50  |s A